Introduction to materials management / (Record no. 563012)
[ view plain ]
| 000 -LEADER | |
|---|---|
| fixed length control field | 00695nam a2200181Ia 4500 |
| 008 - FIXED-LENGTH DATA ELEMENTS--GENERAL INFORMATION | |
| fixed length control field | 210430s9999 xx 000 0 und d |
| 020 ## - INTERNATIONAL STANDARD BOOK NUMBER | |
| International Standard Book Number | 978-0130144904 |
| 082 ## - DEWEY DECIMAL CLASSIFICATION NUMBER | |
| Classification number | 658.7 A742 I |
| 100 ## - MAIN ENTRY--PERSONAL NAME | |
| Personal name | Arnold, J.R. Tony. |
| 245 ## - TITLE STATEMENT | |
| Title | Introduction to materials management / |
| Statement of responsibility, etc. | Arnold, J.R. Tony. |
| 250 ## - EDITION STATEMENT | |
| Edition statement | 4th edition |
| 260 ## - PUBLICATION, DISTRIBUTION, ETC. | |
| Place of publication, distribution, etc. | [S.l.] : |
| Name of publisher, distributor, etc. | Prentice Hall, |
| Date of publication, distribution, etc. | 2000 |
| 300 ## - PHYSICAL DESCRIPTION | |
| Extent | 466 p. ; |
| 856 ## - ELECTRONIC LOCATION AND ACCESS | |
| Uniform Resource Identifier | <a href="http://10.250.8.41:8080/xmlui/handle/123456789/46647">http://10.250.8.41:8080/xmlui/handle/123456789/46647</a> |
| Link text | For 6th edition click here |
| 856 ## - ELECTRONIC LOCATION AND ACCESS | |
| Uniform Resource Identifier | <a href="http://10.250.8.41:8080/xmlui/handle/123456789/46648">http://10.250.8.41:8080/xmlui/handle/123456789/46648</a> |
| Link text | For 8th edition click here |
| 856 ## - ELECTRONIC LOCATION AND ACCESS | |
| Uniform Resource Identifier | <a href="http://10.250.8.41:8080/xmlui/handle/123456789/46690">http://10.250.8.41:8080/xmlui/handle/123456789/46690</a> |
| Link text | For 4th edition click here |
| 942 ## - ADDED ENTRY ELEMENTS (KOHA) | |
| Source of classification or shelving scheme | |
| Koha item type | Book |
| Withdrawn status | Lost status | Damaged status | Not for loan | Permanent Location | Current Location | Date acquired | Total Checkouts | Full call number | Barcode | Date last seen | Price effective from | Koha item type |
|---|---|---|---|---|---|---|---|---|---|---|---|---|
| School of Chemical & Materials Engineering (SCME) | School of Chemical & Materials Engineering (SCME) | 658.7 A742 I | SCME-1900 | 04/30/2021 | 04/30/2021 | Book |
